000 00853 aa a2200229 4500
005 20120218093018.0
010 _a
020 _c300.00
_a 8174530215
035 _aA-988130
037 _b
_adpl
082 _a230.35
100 _aसिन्हा, सुशीला
_942531
245 _aलौह पुरूष कबीर /
_cसुशीला सिन्हा
246 _a
260 _aदिल्ली
_bसंजय प्रकाशन
_c1999
260 _a
300 _a218पृ
_c22 सेमी (सजिल्द)
650 _aStatistic
_942532
700 _aओझा, एन.एन.
_942439
942 _adpl
_cHN
_k
_2ddc
_h230.35
_mकबीर
999 _c63175
_d63175